|
|
|
|
| LEADER |
00000nam0a2200000 4500 |
| 001 |
255570 |
| 005 |
20231101233034.0 |
| 020 |
|
|
|a RU
|b 89-52545
|
| 035 |
|
|
|a (RuTPU)RU\TPU\book\278086
|
| 090 |
|
|
|a 255570
|
| 100 |
|
|
|a 20140331d1987 m y0rusy5003 ca
|
| 101 |
0 |
|
|a rus
|
| 102 |
|
|
|a RU
|
| 105 |
|
|
|a a j 000zy
|
| 200 |
1 |
|
|a Промышленная органическая химия. Принципиальные схемы технологических процессов
|e учебное пособие
|f Т. В. Смирнова, И. И. Наумова
|g Московский химико-технологический институт им. Д. И. Менделеева (МХТИ)
|
| 210 |
|
|
|a Москва
|c МХТИ
|d 1987
|
| 215 |
|
|
|a 46 с.
|
| 606 |
1 |
|
|a Органические вещества
|x Производство
|2 stltpush
|3 (RuTPU)RU\TPU\subj\32379
|9 54949
|
| 610 |
1 |
|
|a органический синтез
|
| 610 |
1 |
|
|a пестициды
|
| 610 |
1 |
|
|a технологические процессы
|
| 610 |
1 |
|
|a учебные пособия
|
| 675 |
|
|
|a 661.7(075.8)
|z rus
|
| 700 |
|
1 |
|a Смирнова
|b Т. В.
|g Тамара Викторовна
|
| 701 |
|
1 |
|a Наумова
|b И. И.
|g Ирма Иосифовна
|
| 712 |
0 |
2 |
|a Московский химико-технологический институт им. Д. И. Менделеева (МХТИ)
|2 stltpush
|3 (RuTPU)RU\TPU\col\1701
|
| 801 |
|
0 |
|a RU
|b RuMRKP
|c 19950417
|g psbo
|
| 801 |
|
1 |
|a RU
|b 63413507
|c 20140331
|
| 801 |
|
2 |
|a RU
|b 63413507
|c 20140701
|g RCR
|
| 942 |
|
|
|c BK
|